000
00308nam a2200133Ia 4500
008
260604s9999 xx 000 0 und d
020
_a
9788119689194
082
_a
158.1 MUN
100
_a
MUNSTERBERG
_9
35331
245
0
_a
PSYCHOTHERAPY
260
_b
DPS
500
_a
Psychology, Psychotherapy
942
_c
BK
999
_c
8111
_d
8111